Devinez le Département Mystère #69 - Statistiques

Statistiques générales
  • Ce quiz a été pris 190 fois
  • Le résultat moyen est 29 sur 32
Statistiques - réponses
Type de Réponse Réponse % Correct
Lettre de l'Alphabet A
99%
Lettre Trouvée E
99%
Lettre de l'Alphabet I
99%
Lettre Trouvée R
99%
Lettre de l'Alphabet S
99%
Lettre Trouvée N
98%
Lettre Trouvée O
98%
Lettre de l'Alphabet L
97%
Lettre de l'Alphabet D
95%
Lettre de l'Alphabet U
95%
Lettre Bien Placée E
93%
Lettre Trouvée H
93%
Lettre de l'Alphabet T
93%
Lettre de l'Alphabet V
93%
Lettre de l'Alphabet B
92%
Lettre de l'Alphabet C
92%
Lettre de l'Alphabet M
92%
Lettre de l'Alphabet P
92%
Lettre Bien Placée N
90%
Lettre de l'Alphabet Y
89%
Lettre de l'Alphabet F
88%
Lettre de l'Alphabet G
88%
Lettre de l'Alphabet J
86%
Lettre de l'Alphabet Z
86%
Lettre de l'Alphabet Q
85%
Lettre de l'Alphabet X
85%
Lettre Bien Placée H
84%
Lettre de l'Alphabet K
84%
Lettre Bien Placée Ô
84%
Lettre Bien Placée R
84%
Département Mystère Rhône
84%
Lettre de l'Alphabet W
84%
Aucun quiz correspondant
Distribution des résultats
% des personnes avec chaque résultat
Percentile par nombre de réponses
Votre historique - résultats
Vous n’avez pas pris ce quiz